[Event "Riga Chess Open 2020"]
[Site "Riga"]
[Date "2020.08.30"]
[Round "9.2"]
[White "Tokranovs, Dmitrijs"]
[Black "Bazilius, Augustinas"]
[Result "1-0"]
[WhiteElo "2212"]
[BlackElo "1675"]
[Annotator "TA"]
[PlyCount "71"]
[EventDate "2020.08.29"]
[EventType "swiss"]
[EventCountry "LAT"]
[SourceTitle "playchess.com"]
[Source "ChessBase"]
[SourceQuality "1"]

{[%evp 13,71,6,18,-8,13,0,9,5,17,14,23,10,34,28,40,40,43,36,46,8,25,12,16,0,0,0,0,0,42,0,102,102,102,102,102,93,102,102,102,88,116,96,96,96,136,132,279,273,310,287,298,310,310,310,609,611,809,808,797,795]} 1. Nf3 Nf6 2. b3 g6 3. Bb2 Bg7 4. c4 O-O 5. e3 d6 6. Be2 Nbd7 7. O-O e5 8. d3 {A15: English Opening: 1...Nf6.} c6 9. Qc2 Re8 10. Nc3 {The position is equal.} Nf8 {[#]} 11. h3 $146 ({Predecessor:} 11. Rfe1 Bf5 12. Nh4 Bd7 13. Nf3 h5 14. Ne4 Qe7 15. Ba3 c5 16. Nfd2 N6h7 17. b4 {0-1 (34) Leskovar,M (2273)-Hobaica,J (2398) Mar de Ajo 2017}) 11... Qc7 12. Rac1 h6 13. Rfd1 Be6 14. d4 exd4 15. Nxd4 Rad8 16. Bf3 Bc8 17. Qb1 N8h7 18. Qa1 Ng5 19. Be2 Qe7 20. Nf3 Qf8 21. b4 (21. Nxg5 {is more complex.} hxg5 22. Nb1 Qe7 23. Nd2 Nh5 24. Bxg7 Nxg7 25. Qd4) 21... d5 (21... Nd7 $11) 22. Nxg5 $16 hxg5 23. Nxd5 Nxd5 24. cxd5 Rxd5 25. Rxd5 cxd5 26. Bf3 Rd8 27. a3 Bxb2 28. Qxb2 Qd6 29. Qd4 Qa6 {This move loses the game for Black.} (29... b6 $16 {is a better defense.} 30. Bxd5 Qxd5) 30. Bxd5 $18 Be6 {[#]} 31. Bxb7 $1 {[%mdl 576] Discovered Attack} Rxd4 (31... Qxb7 32. Qxd8+) 32. Bxa6 Rd6 33. Bc8 Bd5 $2 (33... Bxc8 34. Rxc8+ Kg7) 34. Rd1 {White is clearly winning.} Kg7 {[#]} 35. Bb7 $1 {[%mdl 512]} Rb6 (35... Bxb7 36. Rxd6) 36. Bxd5 {Accuracy: White = 87%, Black = 57%.} 1-0

[Event "Riga Chess Open 2020"]
[Site "Riga"]
[Date "2020.08.30"]
[Round "9.3"]
[White "Alipovs, Anatolijs"]
[Black "Katishonok, Nikolaj"]
[Result "1/2-1/2"]
[WhiteElo "1789"]
[BlackElo "2118"]
[Annotator "TA"]
[PlyCount "39"]
[EventDate "2020.08.29"]
[EventType "swiss"]
[EventCountry "LAT"]
[SourceTitle "playchess.com"]
[Source "ChessBase"]
[SourceQuality "1"]

{[%evp 13,39,52,38,32,103,108,90,-45,-40,-138,-152,-138,-131,-145,-137,-132,0,0,0,-137,0,0,0,-158,0,0,0,-141]} 1. e4 e6 2. d4 d5 3. Nd2 Nc6 4. Ngf3 Nf6 5. e5 Nd7 6. Bd3 f6 7. exf6 Qxf6 8. O-O {C04: French Tarrasch: 3...Nc6.} Nxd4 ({Black should try} 8... Bd6 $14) 9. Nxd4 $16 Qxd4 {[#]} 10. Qh5+ $146 (10. Re1 $16 Nc5 11. Nb3) ({Predecessor:} 10. Nb3 Qf6 11. c4 c6 12. cxd5 cxd5 13. Re1 Bb4 14. Re3 O-O 15. Rf3 Qe5 16. Rh3 {½-½ (41) Lee,K (2165)-Rendle,T (2381) London 2012}) 10... g6 $15 11. Bxg6+ ({Better is} 11. Qh3 $15 Nc5 12. Nf3) 11... hxg6 $17 12. Qxg6+ {[#]} Ke7 $1 {And now ...Qg7 would win.} ({Wrong is} 12... Kd8 $2 13. Nf3 $18) 13. Nf3 {[#]} Qg7 $1 {[%cal Rg7g6]} 14. Bg5+ Kd6 15. Bf4+ Ke7 16. Bg5+ Kd6 17. Bf4+ Ke7 18. Bg5+ Kd6 19. Bf4+ Ke7 20. Bg5+ {Accuracy: White = 59%, Black = 82%.} 1/2-1/2

[Event "Riga Chess Open 2020"]
[Site "Riga"]
[Date "2020.08.30"]
[Round "9.4"]
[White "Melderis, Uldis"]
[Black "Stabulnieks, Klavs"]
[Result "1/2-1/2"]
[WhiteElo "1889"]
[BlackElo "2214"]
[Annotator "RC"]
[PlyCount "43"]
[EventDate "2020.08.29"]
[EventType "swiss"]
[EventCountry "LAT"]
[SourceTitle "playchess.com"]
[Source "ChessBase"]
[SourceQuality "1"]
[TimeControl "5400+30"]

1. b4 {[%emt 0:00:00]} c6 {[%emt 0:00:00]} 2. Bb2 {[%emt 0:00:00]} a5 {[%emt 0:00:00]} 3. a3 {[%emt 0:00:00]} Qb6 {[%emt 0:00:00]} 4. c4 {[%emt 0:00:00]} axb4 {[%emt 0:03:51]} 5. c5 {[%emt 0:00:10]} Qc7 {[%emt 0:05:02]} 6. axb4 {[%emt 0:00:05]} Rxa1 {[%emt 0:00:06]} 7. Bxa1 {[%emt 0:00:04]} d5 {[%emt 0:00:32]} 8. Nf3 {[%emt 0:01:49]} Nd7 {[%emt 0:00:44]} 9. d4 {[%emt 0:00:18]} g6 {[%emt 0:01:36]} 10. e3 {[%emt 0:01:41]} Bg7 {[%emt 0:00:27]} 11. Bd3 {[%emt 0:00:40]} e5 {[%emt 0:03:08]} 12. dxe5 {[%emt 0:00:27]} Nxe5 {[%emt 0:00:05]} 13. Nxe5 {[%emt 0:00:52]} Bxe5 {[%emt 0:00:06]} 14. Nd2 {[%emt 0:00:34]} Ne7 {[%emt 0:02:59]} 15. Nf3 {[%emt 0:00:31]} Bxa1 {[%emt 0:00:06]} 16. Qxa1 {[%emt 0:00:03]} O-O {[%emt 0:00:13]} 17. O-O {[%emt 0:00:16]} Bg4 {[%emt 0:05:37]} 18. Qe5 {[%emt 0:02:05]} Qxe5 {[%emt 0:07:14]} 19. Nxe5 {[%emt 0:00:05]} Be6 {[%emt 0:00:07]} 20. Ra1 {[%emt 0:00:21]} Rb8 {[%emt 0:01:02]} 21. Nf3 {[%emt 0:00:43]} b6 {[%emt 0:02:15]} 22. Nd4 {[%emt 0:00:03]} 1/2-1/2